Sun, moon, earth : (Record no. 5239)
[ view plain ]
| 000 -LEADER | |
|---|---|
| fixed length control field | nam a22 7a 4500 |
| 005 - DATE AND TIME OF LATEST TRANSACTION | |
| control field | 20180614060629.0 |
| 008 - FIXED-LENGTH DATA ELEMENTS--GENERAL INFORMATION | |
| fixed length control field | 180614b xxu||||| |||| 00| 0 eng d |
| 020 ## - IDENTIFIER FOR THE MANIFESTATION | |
| Identifier for the Manifestation | 9780465060924 |
| Binding | hardcover |
| 040 ## - CATALOGING SOURCE | |
| Language of Cataloging | eng |
| Transcribing Agency | APEC Schools Library |
| Description Conventions | rda |
| 082 ## - DEWEY DECIMAL CLASSIFICATION NUMBER | |
| Classification number | C 523.7809 |
| Author's Number | N756s 2016 |
| 100 ## - CREATOR | |
| Preferred Name of the Person | Nordgren, Tyler E. |
| 245 ## - TITLE AND STATEMENT OF RESPONSIBILITY | |
| Preferred Title Proper | Sun, moon, earth : |
| Remainder of Title | the history of solar eclipses, from omens of doom to Einstein and exoplanets / |
| Statement of Responsibility/Parallel Statement of Responsibility | Tyler E. Nordgren |
| 264 ## - PUBLICATION STATEMENT | |
| Place of publication, distribution, etc | New York, NY : |
| Publisher's Name/Parallel Publisher's Name | Basic Books, |
| Copyright | ©2016. |
| Date of Publication | [2016]. |
| 300 ## - PHYSICAL DESCRIPTION | |
| Extent | xiii, 239 pages ; |
| Dimensions | 22 cm |
| 336 ## - RDA CONTENT | |
| Source | rdacontent |
| Content Type | text |
| 337 ## - RDA MEDIA | |
| Source | rdamedia |
| Media Type | unmediated |
| 338 ## - RDA CARRIER | |
| Source | rdacarrier |
| Carrier Type | volume |
| 504 ## - BIBLIOGRAPHY, ETC. NOTE | |
| Bibliography, etc | Includes bibliographical references and index |
| 505 ## - CONTENTS | |
| Related Work = Contents | From omen to awe -- A day with two dawns and midnight at noon -- Two worlds one sun -- Shadows across a sea of stars -- As below, so above -- The eclipse that changed the world -- Saros siblings -- The great American eclipse and beyond -- The last total eclipse. |
| 520 ## - SUMMARIZATION OF THE CONTENT | |
| Summarization of the Content | One of Amazon's Best Science Books of 2016On August 21, 2017, more than ten million Americans will experience an awe-inspiring phenomenon: the first total eclipse of the sun in America in almost forty years. In Sun Moon Earth , astronomer Tyler Nordgren illustrates how this most seemingly unnatural of natural phenomena was transformed from a fearsome omen to a tourist attraction. From the astrologers of ancient China and Babylon to the high priests of the Maya, Sun Moon Earth takes us around the world to show how different cultures interpreted these dramatic events. Greek philosophers discovered eclipses' cause and used them to measure their world and the cosmos beyond. Victorian-era scientists mounted eclipse expeditions during the age of globe-spanning empires. And modern-day physicists continue to use eclipses to confirm Einstein's theory of relativity.Beautifully illustrated and lyrically written, Sun Moon Earth is the ideal guide for all eclipse watchers and star gazers alike. |
| 942 ## - ADDED ENTRY ELEMENTS (KOHA) | |
| Source of Classification | |
| Koha Item Type | Books |
| Library | Site Location | Shelving Location | Source of Acquisition | Full Classification Number | Koha Item Type | Accession Number |
|---|---|---|---|---|---|---|
| APEC Chain of Schools Library | APEC Chain of Schools Library | Circulation | Institutional Fund | C 523.7809 N756s 2016 | Non Fiction | |
| APEC V. Luna Library | APEC V. Luna Library | Circulation | Institutional Fund | C 523.7809 N756s 2016 | Non Fiction | A01-0000107 |
